[Event "GER-ch U14 Girls"]
[Site "Willingen"]
[Date "2021.08.26"]
[Round "5"]
[White "Fiedler, Annabelle"]
[Black "Marrufo, Emilia"]
[Result "1-0"]
[WhiteElo "937"]
[BlackElo "1020"]
[PlyCount "49"]
[EventDate "2021.08.22"]
[EventType "swiss"]
[EventRounds "9"]
[EventCountry "GER"]
[SourceTitle "EXT 2022"]
[Source "ChessBase"]
[SourceDate "2021.10.06"]
[SourceVersion "1"]
[SourceVersionDate "2021.10.06"]
[SourceQuality "1"]

1. e4 e5 2. Nf3 Nc6 3. Bc4 Bc5 4. c3 Nf6 5. d4 exd4 6. cxd4 Bb4+ 7. Nc3 Nxe4 8. 0-0 Bxc3 9. d5 Ne5 10. Bd3 Nxf3+ 11. Qxf3 Qe7 12. Bxe4 Be5 13. Bf4 Bxb2 14. Rab1 Be5 15. Bxe5 Qxe5 16. Rfe1 Qg5 17. Bf5+ Kd8 18. Rb4 d6 19. Bxc8 Rxc8 20. g3 b6 21. Rbe4 Kd7 22. Qc3 Qxd5 23. Re7+ Kd8 24. Qxg7 Rg8 25. Qxg8# 1-0

[Event "GER-chT U14 Girls"]
[Site "Willingen"]
[Date "2021.06.26"]
[Round "6.9"]
[White "Weyerer, Elea"]
[Black "Fiedler, Annabelle"]
[Result "1-0"]
[WhiteElo "768"]
[BlackElo "860"]
[PlyCount "97"]
[EventDate "2021.06.23"]
[EventType "team-swiss"]
[EventRounds "7"]
[EventCountry "GER"]
[SourceTitle "EXT 2022"]
[Source "ChessBase"]
[SourceDate "2021.10.06"]
[SourceVersion "1"]
[SourceVersionDate "2021.10.06"]
[SourceQuality "1"]
[WhiteTeam "Oberursel"]
[BlackTeam "Halle Roter Turm"]
[WhiteTeamCountry "GER"]
[BlackTeamCountry "GER"]

1. e4 c5 2. Nf3 d6 3. Bc4 Nf6 4. d3 g6 5. h3 Bg7 6. c3 Be6 7. Bb3 0-0 8. 0-0 Qc8 9. Bxe6 Qxe6 10. Re1 Nc6 11. Nbd2 b5 12. Nf1 b4 13. Ng3 c4 14. cxb4 Nxb4 15. Qa4 Nxd3 16. Re3 Nc5 17. Qc2 d5 18. exd5 Qxd5 19. Rxe7 Nd3 20. b3 Rfc8 21. bxc4 Rxc4 22. Qd1 Rac8 23. Be3 R8c7 24. Rxc7 Rxc7 25. Ne1 Rc3 26. Bxa7 Ne4 27. Nxe4 Qxe4 28. Qd2 Ra3 29. Rb1 h6 30. Rb3 Nxe1 31. f3 Qh4 32. Bf2 Nxf3+ 33. gxf3 Qf6 34. Rxa3 Qa1+ 35. Qe1 Qb2 36. Qe8+ Bf8 37. Ra8 Qc1+ 38. Kg2 Qg5+ 39. Kf1 Qc1+ 40. Be1 Qc4+ 41. Qe2 Qc5 42. Qe8 Qc4+ 43. Kg2 Qc2+ 44. Bf2 Kg7 45. Qxf8+ Kf6 46. Ra6+ Ke5 47. Qd6+ Kf5 48. Ra5+ Qc5 49. Rxc5# 1-0